| 000 | 00374nam a22001457a 4500 | ||
|---|---|---|---|
| 999 |
_c8216 _d8216 |
||
| 003 | OSt | ||
| 005 | 20200923133236.0 | ||
| 008 | 200923b ||||| |||| 00| 0 eng d | ||
| 020 | _a9788190662574 | ||
| 082 | _a720.954 | ||
| 100 | _a Hardy Adam | ||
| 245 | _aThe Courtyard Wada of Maharashtra | ||
| 260 |
_aNew Delhi _bCouncil of Architecture A Niasa Publication |
||
| 942 | _2ddc | ||